000 00536 a2200181 4500
003 OSt
005 20240122131043.0
008 240122b |||||||| |||| 00| 0 eng d
020 _a9789392115608
040 _coclc
082 _a297.61
_bPUT/S
100 _aPuthupparamb, Majeed Hudawi
_910296
245 _aSwalahudheen Ayyoobi/
_cMajeed Hudawi Puthupparamb
250 _a1st ed.
260 _aMalappuram:
_bBook Plus Publishers,
_c2023.
300 _a184p.
942 _2ddc
_cBK
_h297.61
_iPUT/S
_k297.61
_mPUT/S
999 _c43289
_d43289